|
|
|
|
| LEADER |
00000nam a22000007a 4500 |
| 005 |
20191114211140.0 |
| 007 |
cr|||| |||| |
| 008 |
191114s2018 co |||||s|||| 00||0 spa d |
| 020 |
|
|
|a 978-958-762-887-6
|
| 035 |
|
|
|a 30685
|
| 040 |
|
|
|a vLex
|
| 090 |
|
|
|c 10004
|d 10004
|
| 100 |
1 |
|
|a Angulo Guiza, Uriel Guillermo
|
| 245 |
1 |
0 |
|a Contabilidad financiera
|h [Recurso electrn̤ico] /
|c Uriel Guillermo Angulo Guiza
|
| 250 |
|
|
|a 2a Edicin̤
|
| 256 |
|
|
|a Servicio en ln̕ea
|
| 260 |
|
|
|a Bogot:̀
|b Ediciones de la U,
|c 2018
|
| 300 |
|
|
|a 1 recurso electrn̤ico
|
| 500 |
|
|
|a El texto Contabilidad Financiera con NIIF 2® edicin̤, est ̀orientado a los estudiantes del curso de contabilidad financiera o contabilidad general de instituciones tčnicas o tecnolg̤icas, en Latinoamřica, a estudiantes de primeros semestres de facultades de contadura̕ que no traigan conocimiento contable del bachillerato deseosos de nivelar y actualizar las bases contables, y autodidactas que deseen comprender el ciclo contable ter̤ico-prc̀tico y sistematizado. El texto utiliza un lenguaje sencillo y fc̀il de entender con suficientes ejemplos desarrollados aplicando las NIIF.
|
| 506 |
1 |
|
|a Disponible solo en los productos indicados
|d vLex Global
|d vLex Global (Academic Edition, excluding Law Schools)
|d vLex Global (U.S. Academic Edition, Law Schools)
|d vLex Global (U.S. Academic Edition, excluding Law Schools)
|d vLex Global (Academic Edition, Law Schools)
|
| 650 |
0 |
4 |
|a Derecho Fiscal
|z Colombia
|
| 650 |
0 |
4 |
|a Financiero
|z Colombia
|
| 650 |
0 |
4 |
|a Contabilidad
|z Colombia
|
| 740 |
0 |
|
|a vLex Libros (Servicio en ln̕ea)
|
| 856 |
4 |
0 |
|u http://vlex.com/source/contabilidad-financiera-2a-edicion-30685
|z Acceso restringido
|
| 942 |
|
|
|c BOOK
|
| 999 |
0 |
|
|a Tax Law
|
| 999 |
0 |
|
|a Financial
|
| 999 |
0 |
|
|a Accounting
|